000 00496nam a22001217a 4500
999 _c21286
_d21286
008 240904b ||||| |||| 00| 0 eng d
100 _aDollente, Saturnino T.
_eauthor.
_914042
245 _aChecklist for evaluating a good learning environment for young children/pupils /
_cSaturnino T. Dollente.
260 _aPhilippines;
_bPublishers Association of the Philippines, Inc.,
_cJune 2019.
300 _aVolume 168, page 6.
700 _aDollente, Saturnino T.
_eauthor.
_914042
942 _2ddc
_cPER